| 000 | 00000nas 2200000zi 4500 |
| 001 | 9.883247 |
| 003 | CaOODSP |
| 005 | 20250217125816 |
| 006 | m o d f |
| 007 | cr ||||||||||| |
| 008 | 200102d1965198uonc x m o f0###b0fre|d |
| 022 | |y0707-9567 |
| 040 | |aCaOODSP|bfre|erda|cCaOODSP |
| 043 | |an-cn--- |
| 086 | 1 |aEn57-7F-PDF |
| 086 | 1 |2En57-7-PDF |
| 130 | 0 |aÉtudes climatologiques. |
| 245 | 10|aÉtudes climatologiques. |
| 264 | 1|aOttawa : |bEnvironnement atmosphérique, |c1965-[198-?] |
| 310 | |aIrregulier |
| 336 | |atexte|btxt|2rdacontent/fre |
| 337 | |ainformatique|bc|2rdamedia/fre |
| 338 | |aressource en ligne|bcr|2rdacarrier/fre |
| 362 | 1 |aParaît depuis 1965. |
| 500 | |aPublié aussi en anglais sous le titre : Climatological studies. |
| 500 | |aÉdition numérisée de l’imprimé [par Environnement et Changement climatique Canada]. |
| 546 | |aQuelques livraisons disponible aussi en anglais et en format bilingue. |
| 550 | |aPublié 1965-1970 (no.17) par la Direction de la météorologie. |
| 588 | |aDescription d'après : no. 28. |
| 650 | 6|aClimatologie. |
| 651 | 6|aCanada|xClimat. |
| 710 | 1 |aCanada. |bEnvironnement Canada. |
| 710 | 1 |aCanada. |bDirection de la météorologie. |
| 710 | 1 |aCanada. |bService de l'environnement atmosphérique. |
| 775 | 08|tClimatological studies.|w(CaOODSP)9.883231 |